000 00827cab a2200265 4500
001 ABS59328
008 090401t1998 xxu||||| |||| 00| 0 eng d
035 _a(Sirsi) u88508
041 _aeng
100 _aGerrard, R.
245 _aTop Law firms: The 1998 Legal 500
260 _c1998
350 _a0
490 _aEstates Gazette
_v(9837) 12 September 1998, 70-71(2)
520 _aReports on 1998 edition of "Legal 500?" and the recommended law firms for commercial property, the top regional firms and specialist areas such as property litigation, finance and development. Tables.
650 _aPROPERTY-COMMERCIAL PROPERTY
650 _aLAW FIRMS
650 _aLEAGUE TABLE
650 _aLEGAL 500
650 _aPROPERTY LAW
650 _aRANKING
690 _aLAW
942 _n0
948 _c16/09/1998
999 _c55924
_d55924